| 000 | 01170nam0a22002651 4500 | ||
|---|---|---|---|
| 001 | rc\609270 | ||
| 005 | 20260407133534.0 | ||
| 035 | _a(NLR Aleph) 005853080 | ||
| 090 |
_a5799286 _c5799286 |
||
| 100 | _a20031121d1986 |||y0rusy50 ca | ||
| 101 | 0 | _arus | |
| 102 | _aRU | ||
| 105 | _aa ||||||||| | ||
| 200 | 1 |
_aТехнология экструдирования комбикормов для рыб _fВДНХ СССР, М-во хлебопродуктов СССР, ЦНИИ информ. и техн.-экон. исслед. |
|
| 210 |
_aМ. _cЦНИИТЭИ Минхлебопродукта СССР _d1986 |
||
| 215 |
_a[1], 6 с. _cсхем. _d22 |
||
| 300 | _aАвт. указаны на 2-й с. обл. | ||
| 700 | 1 |
_aСевостьянов _bА.А. _gАлександр Афанасьевич |
|
| 701 | 1 |
_aРумянцев _bО.Д. |
|
| 712 | 0 | 1 |
_aСССР _bМинистерство хлебопродуктов _bЦНИИ информации и технико-экономических исследований _3RU\NLR\AUTH\889997763 _9492807 |
| 801 | 0 |
_aRU _bNLR _gpsbo |
|
| 801 | 1 |
_aRU _bELAR _2rusmarc |
|
| 852 |
_aNLR _j87-6/3946 |
||
| 942 | _cBOOK | ||
| 980 | _aNB | ||